LEADER 02644nam 2200673 a 450 001 9910130656203321 005 20241206142016.0 010 $a9786613066022 010 $a9781283066020 010 $a1283066025 010 $a9780821386644 010 $a0821386646 024 7 $a10.1596/978-0-8213-8583-8 035 $a(CKB)3440000000000049 035 $a(EBL)681203 035 $a(OCoLC)811493517 035 $a(SSID)ssj0000534211 035 $a(PQKBManifestationID)12195758 035 $a(PQKBTitleCode)TC0000534211 035 $a(PQKBWorkID)10511499 035 $a(PQKB)10378679 035 $a(MiAaPQ)EBC681203 035 $a(EXLCZ)993440000000000049 100 $a20110429d2011 uy 0 101 0 $aeng 135 $aur|n|---||||| 181 $ctxt 182 $cc 183 $acr 200 10$aAtlas of global development: A Visual Guide to the World's Greatest Challenges /$fThe World Bank 205 $a3rd ed. 210 $aWashington, D.C. $cCollins$dc2011 215 $a1 online resource (226 p.) 300 $aFirst published 2007. 311 08$a9780821385838 311 08$a0821385836 320 $aIncludes bibliographical references and index. 327 $aCover; Title Page; Copyright; Contents; Acknowledgements; Foreword; Guide to the online atlas; Classification of economies; The Millennium Development Goals; Rich and Poor; People; Education; Health; Economy; Environment; Statistics; Index 330 $aPublished in association with Harper Collins, the completely revised and updated third edition of the Atlas of Global Development vividly illustrates the key development challenges facing our world today. 'This is an excellent, up-to-date source book which will be invaluable for students of, and staff teaching, higher levels of geography .... a clear, concise, easily-accessible and well-illustrated volume.' - Geographical Association, United Kingdom 606 $aEconomic indicators$vMaps 606 $aEconomic development$vStatistics 606 $aGlobalization$vStatistics 606 $aPopulation$vMaps 606 $aSocial indicators$vMaps 606 $aEnvironmental indicators$vMaps 615 0$aEconomic indicators 615 0$aEconomic development 615 0$aGlobalization 615 0$aPopulation 615 0$aSocial indicators 615 0$aEnvironmental indicators 676 $a338.900223 801 0$bMiAaPQ 801 1$bMiAaPQ 801 2$bMiAaPQ 906 $aBOOK 912 $a9910130656203321 996 $aAtlas of global development: A Visual Guide to the World's Greatest Challenges$92483230 997 $aUNINA